Statistiques concernant Les leaders mondiaux et leurs pays - 1945

Cliquez ici pour prendre le quiz!

Statistiques générales

  • Ce quiz a été pris 69 fois
  • Le résultat moyen est 12 sur 20

Statistiques - réponses

PaysAnd the leader of that country% Correct
Union SoviétiqueJoseph Stalin
95%
FranceCharles de Gaulle
91%
Royaume-Uni (PM)Winston Churchill
86%
Shah Mohammed Reza PahlaviIran
81%
Espagne (PM)Francisco Franco
81%
AllemagneAdolf Hitler
79%
United StatesFranklin D. Roosevelt
75%
Antonio de Oliveira SalazarPortugal
74%
Roi Farouk IEgypte
70%
Empereur Haile SelassieEthiopie
67%
Italie (PM)Benito Mussolini
67%
Japon (Monarque)Hirohito
63%
Royaume-Uni (Monarque)Georges VI
61%
Josip Bronz TitoYougoslavie
61%
Fulgencio BatistaCuba
54%
Enver HoxhaAlbanie
35%
Roi Faisal IIIrak
35%
Chine (Gouvernemet nationaliste)Chiang Kai-shek
26%
Rafael TrujilloRepubliqué Dominicaine
25%
Carl Gustaf Emil MannerheimFinlande
21%

Distribution des résultats

Percentile par nombre de réponses

% des personnes avec chaque résultat

Votre développement - résultats

Vous n’avez pas pris ce quiz